Deaths by Date and Cause #2 - Statistics

General Stats
  • This quiz has been taken 67,651 times
    17,239 since last reset
  • The average score is 13 of 20
Answer Stats
Year Where How Person % Correct
1945 Berlin Suicide Adolf Hitler
95%
1963 Dallas Assassination John F. Kennedy
94%
1865 Washington DC Assassination Abraham Lincoln
90%
2020 California Helicopter crash Kobe Bryant
84%
2006 Iraq Hanging Saddam Hussein
83%
2009 Los Angeles Injection by his doctor Michael Jackson
78%
1937 Pacific Ocean Plane crash? Amelia Earhart
77%
2006 Queensland Stingray Steve Irwin
74%
399 BC Athens Hemlock Socrates
73%
1916 St. Petersburg Poison, gunshot, drowning Rasputin
71%
1980 New York Assassination John Lennon
69%
1791 Vienna Illness Wolfgang Amadeus Mozart
69%
1536 London Beheading Anne Boleyn
62%
1805 Cape Trafalgar Shot in battle Horatio Nelson
62%
1876 Little Bighorn Battle wounds George Custer
48%
2011 Palo Alto Pancreatic cancer Steve Jobs
47%
1926 Detroit Appendicitis, gut punch Harry Houdini
46%
1993 North Carolina Prop gun malfunction Brandon Lee
41%
1971 Paris Drug overdose Jim Morrison
41%
1984 Los Angeles Shot by father Marvin Gaye
39%
No matching quizzes found
Score Distribution
Percent of People with Each Score
Percentile by Number Answered
Your Score History
You have not taken this quiz since the last reset